000
00279nam a22001217a 4500
041
_a
ENG
100
_a
Nair .K
245
_a
Fluency And Pronunciation
260
_a
Delhi
_b
Adult Faculties
_c
2003
300
_a
56
650
_a
Competitive Exam
856
_u
Competitive Exam ( 35 )
999
_c
978
_d
978